The Shining Movie Quiz - Statistics

General Stats
  • This quiz has been taken 12 times
  • The average score is 3 of 15
Answer Stats
Hint Answer % Correct
Name of the hotel? Overlook Hotel
73%
Release year of the movie? 1980
45%
Weapon Jack uses which is also used as a tool? Axe
36%
Who directed the movie? Stanley Kubrick
36%
Jack's previous job? Teacher
36%
Imaginary bartender in the Gold Room? Lloyd
18%
Name of Danny's imaginary friend? Tony
18%
What mechincal device does Jack use mainly? Typewriter
18%
The hotel's previous caretaker? Delbert Grady
9%
Room where Jack gets locked in by Wendy? Pantry
9%
Red ,,car'' they use in the snow? Snowcat
9%
What does Jack order at the bar? Bourbon on the rocks
0%
Big room where Jack writes? Colorado Lounge
0%
Name of the other person that has ,,The Shining'' and is also the cook in the hotel? Dick Hallorann
0%
Name of the rotting ghost in room 237? Mrs Massey
0%
No matching quizzes found
Score Distribution
Percent of People with Each Score
Percentile by Number Answered
Your Score History
You have not taken this quiz